Giáo trình kỹ thuật trồng hoa cây cảnh Sách dành cho cao đẳng sư phạm
Gorde:
| Egile nagusia: | |
|---|---|
| Beste egile batzuk: | |
| Formatua: | Liburua |
| Hizkuntza: | Undetermined |
| Argitaratua: |
H.
ĐHSP
2007
|
| Gaiak: | |
| Sarrera elektronikoa: | http://lrc.tdmu.edu.vn/opac/search/detail.asp?aID=2&ID=5607 |
| Etiketak: |
Etiketa erantsi
Etiketarik gabe, Izan zaitez lehena erregistro honi etiketa jartzen!
|
| Thư viện lưu trữ: | Trung tâm Học liệu Trường Đại học Thủ Dầu Một |
|---|
| LEADER | 00743nam a2200217Ia 4500 | ||
|---|---|---|---|
| 001 | TDMU_5607 | ||
| 008 | 210410s9999 xx 000 0 und d | ||
| 082 | |a 635.9 | ||
| 090 | |b NG525 | ||
| 100 | |a Nguyễn, Mạnh Khải | ||
| 245 | 0 | |a Giáo trình kỹ thuật trồng hoa cây cảnh | |
| 245 | 0 | |b Sách dành cho cao đẳng sư phạm | |
| 245 | 0 | |c Nguyễn Mạnh Khải | |
| 260 | |a H. | ||
| 260 | |b ĐHSP | ||
| 260 | |c 2007 | ||
| 300 | |a 139tr. | ||
| 650 | |a Cây hoa |x kỹ thuật trồng; Cây kiểng |x Kỹ thuật trồng | ||
| 700 | |a Đinh, Sơn Quang | ||
| 856 | |u http://lrc.tdmu.edu.vn/opac/search/detail.asp?aID=2&ID=5607 | ||
| 980 | |a Trung tâm Học liệu Trường Đại học Thủ Dầu Một | ||